00776nam a2200169Ia 450000500170000000800410001702000150005808200130007310000170008624501240010326000450022730000180027250001970029094200060048795200980049399900150059120250307072239.0240331s9999 xx 000 0 und d a1932705554 bWEEa954 aWeerakoon, B 0aRendering unto caeser :ba fascinating story of one man's tenure under nine prime ministers and presidents of Sri Lanka aColombobVijitha Yapa Publicationsc2004 aXvi, 403 p ., aRendering Unto Caesar is Bradman Weerakoon's unique First-person account of Fifty Years of Public Service as Official Secretary and Senior Advisor to Sri Lankan Prime Ministers and Presidents. cL 001040708LaWERCLbWERCLcSSCd2024-03-31l0o 954.93 WEEp1907r2024-03-31w2024-03-31yL c3552d3552